[Event "IND-ch Blitz"]
[Site "Nashik"]
[Date "2024.03.07"]
[Round "10"]
[White "Ravi, Teja Sanka"]
[Black "Dixit, Nikhil"]
[Result "1-0"]
[WhiteElo "2428"]
[BlackElo "2264"]
[PlyCount "63"]
[EventDate "2024.03.07"]
[EventType "swiss (blitz)"]
[EventRounds "11"]
[EventCountry "IND"]
[SourceTitle "CB11_2024"]
[SourceDate "2024.03.13"]
[SourceVersion "1"]
[SourceVersionDate "2024.03.13"]
[SourceQuality "1"]

1. d4 Nf6 2. Nf3 g6 3. Bg5 Bg7 4. Nbd2 d5 5. c3 0-0 6. e3 a5 7. a4 c6 8. Be2 h6 9. Bh4 c5 10. 0-0 Nc6 11. dxc5 Qc7 12. Bg3 e5 13. Bb5 Ne4 14. Nxe4 dxe4 15. Nd2 f5 16. f4 exf3 17. Nxf3 f4 18. exf4 exf4 19. Bf2 Bg4 20. Qd6 Qxd6 21. cxd6 Rad8 22. Rad1 Ne5 23. Bb6 Nxf3+ 24. gxf3 Bh3 25. Bxd8 Rxd8 26. Rfe1 Bf8 27. Re8 Rxe8 28. Bxe8 g5 29. d7 Bc5+ 30. Kh1 g4 31. d8Q gxf3 32. Bd7+ 1-0

[Event "IND-ch Blitz"]
[Site "Nashik"]
[Date "2024.03.07"]
[Round "9"]
[White "Vaz, Ethan"]
[Black "Ravi, Teja Sanka"]
[Result "1/2-1/2"]
[WhiteElo "2323"]
[BlackElo "2428"]
[PlyCount "122"]
[EventDate "2024.03.07"]
[EventType "swiss (blitz)"]
[EventRounds "11"]
[EventCountry "IND"]
[SourceTitle "CB11_2024"]
[SourceDate "2024.03.13"]
[SourceVersion "1"]
[SourceVersionDate "2024.03.13"]
[SourceQuality "1"]

1. e4 Nc6 2. d4 d5 3. e5 Bf5 4. Nf3 e6 5. Bd3 Bxd3 6. Qxd3 Qd7 7. a3 f6 8. Bf4 Nge7 9. Bg3 fxe5 10. Nxe5 Nxe5 11. Bxe5 Ng6 12. Bg3 Bd6 13. Nd2 0-0-0 14. 0-0 Bxg3 15. hxg3 e5 16. dxe5 Nxe5 17. Qe3 Nc6 18. b4 Kb8 19. b5 Na5 20. Rab1 h5 21. Qc3 b6 22. Nf3 g5 23. Nxg5 h4 24. Rfe1 hxg3 25. Qxg3 Rdg8 26. f4 Nc4 27. a4 Qd6 28. Rbd1 Qc5+ 29. Kf1 Rh1+ 30. Ke2 Re8+ 31. Kd3 Re3+ 32. Qxe3 Nxe3 33. Rxh1 Nxd1 34. Rxd1 Qc4+ 35. Ke3 Qxc2 36. Rd2 Qb3+ 37. Rd3 Qxa4 38. Rxd5 Qb3+ 39. Ke4 Qc2+ 40. Ke5 Qxg2 41. Ne6 Qe2+ 42. Kf6 a6 43. Rd8+ Kb7 44. bxa6+ Qxa6 45. Rd7 Qa1+ 46. Kf7 b5 47. Rxc7+ Kb6 48. Rc8 Qb1 49. Ke7 Qh7+ 50. Kd6 Qd3+ 51. Ke5 Qe2+ 52. Kd6 Qd1+ 53. Ke5 b4 54. Rb8+ Ka5 55. Nd4 Qe1+ 56. Kd5 Qh1+ 57. Kc5 Qc1+ 58. Kd5 Qxf4 59. Nc6+ Ka4 60. Rxb4+ Qxb4 61. Nxb4 Kxb4 1/2-1/2

[Event "IND-ch Rapid"]
[Site "Nashik"]
[Date "2024.03.05"]
[Round "7"]
[White "Ghosh, Diptayan"]
[Black "Ravi, Teja Sanka"]
[Result "1-0"]
[WhiteElo "2441"]
[BlackElo "2252"]
[PlyCount "159"]
[EventDate "2024.03.04"]
[EventType "swiss (rapid)"]
[EventRounds "11"]
[EventCountry "IND"]
[SourceTitle "CB11_2024"]
[SourceDate "2024.03.13"]
[SourceVersion "1"]
[SourceVersionDate "2024.03.13"]
[SourceQuality "1"]

1. Nf3 d5 2. e3 Nf6 3. c4 c6 4. Nc3 Bg4 5. cxd5 Bxf3 6. Qxf3 cxd5 7. Bb5+ Nc6 8. Bxc6+ bxc6 9. b3 e6 10. Bb2 Bd6 11. 0-0 0-0 12. Rac1 Qe7 13. Na4 c5 14. Bxf6 gxf6 15. d3 f5 16. Rc2 Rac8 17. Rfc1 Rc7 18. g3 Rfc8 19. e4 fxe4 20. dxe4 dxe4 21. Qxe4 Qf6 22. Kg2 Bf8 23. Rc4 Kh8 24. R1c3 Qg6 25. Qf3 Bg7 26. Rxc5 Rxc5 27. Rxc5 Rf8 28. Rc7 Bd4 29. Nc5 e5 30. Rc6 e4 31. Qxe4 Qxe4+ 32. Nxe4 Bb6 33. Kf3 Kg7 34. Nd6 Rd8 35. Nf5+ Kf8 36. Rc2 f6 37. Ne3 Rd3 38. Ke2 Rd7 39. Nc4 Bc7 40. Rd2 Re7+ 41. Kf3 Kf7 42. Rd5 Kg6 43. h4 h5 44. Ne3 Be5 45. Nc4 Bc7 46. Rc5 Rd7 47. Ne3 Bb6 48. Rd5 Rc7 49. Nc4 Bc5 50. Kg2 Rc6 51. f3 Bb4 52. g4 hxg4 53. fxg4 Ra6 54. a4 Re6 55. Kf3 Re1 56. h5+ Kh6 57. Ne3 Rb1 58. Nf5+ Kg5 59. Ne3+ Kh6 60. Rd3 Kg5 61. Ke4 a5 62. Kf3 Kh6 63. Nd5 Ba3 64. Ke4 Kg5 65. Ne3 Bb4 66. Rd5+ Kh6 67. Rf5 Kg7 68. Nd5 Re1+ 69. Kd3 Rd1+ 70. Kc4 Rc1+ 71. Kb5 Rc5+ 72. Kb6 Ba3 73. Nc7 Rc3 74. Ne8+ Kf7 75. Nxf6 Rxb3+ 76. Kxa5 Kg7 77. Nd5 Rh3 78. Ka6 Rh4 79. Rf4 Bd6 80. Re4 1-0

[Event "IND-ch Rapid"]
[Site "Nashik"]
[Date "2024.03.04"]
[Round "4"]
[White "Abhishek, Kelkar"]
[Black "Ravi, Teja Sanka"]
[Result "0-1"]
[WhiteElo "2130"]
[BlackElo "2252"]
[PlyCount "92"]
[EventDate "2024.03.04"]
[EventType "swiss (rapid)"]
[EventRounds "11"]
[EventCountry "IND"]
[SourceTitle "CB11_2024"]
[SourceDate "2024.03.13"]
[SourceVersion "1"]
[SourceVersionDate "2024.03.13"]
[SourceQuality "1"]

1. e4 c6 2. d4 d5 3. e5 Bf5 4. h4 h5 5. Bg5 Qb6 6. Bd3 Bxd3 7. Qxd3 Qa6 8. Qh3 e6 9. Nc3 Be7 10. Qg3 c5 11. Be3 g6 12. dxc5 Nh6 13. Bxh6 Rxh6 14. Qf4 Rh8 15. b4 b6 16. Nge2 bxc5 17. bxc5 Nd7 18. 0-0 Rc8 19. Rab1 Rxc5 20. Rb4 Kf8 21. Rfb1 Nb6 22. Nb5 Kg7 23. Ned4 Nc4 24. Nxa7 Ra8 25. Rb7 Rxa7 26. Rxe7 Rxe7 27. Qf6+ Kg8 28. Qxe7 Rc8 29. Rb7 Rf8 30. Ra7 Qb6 31. Nf3 Qb1+ 32. Kh2 Qxc2 33. Qf6 Qxf2 34. Rd7 Ne3 35. Qg5 Ng4+ 36. Kh3 Qxa2 37. Qf4 Qb1 38. Kg3 Qc2 39. Ng5 Qc3+ 40. Nf3 Qb2 41. Kh3 Qf2 42. Rb7 Ne3 43. Qg5 Nf5 44. Rd7 Rc8 45. Kh2 Qe3 46. Qxe3 Nxe3 0-1

[Event "Qatar Masters op"]
[Site "Doha"]
[Date "2023.10.19"]
[Round "8"]
[White "Ravi, Teja Sanka"]
[Black "Suyarov, Mukhammadzokhid"]
[Result "1/2-1/2"]
[WhiteElo "2448"]
[BlackElo "2340"]
[PlyCount "106"]
[EventDate "2023.10.11"]
[EventType "swiss"]
[EventRounds "9"]
[EventCountry "QAT"]
[SourceTitle "Mega2024 Update 01"]
[Source "Chessbase"]
[SourceDate "2023.11.12"]
[SourceVersion "1"]
[SourceVersionDate "2023.11.12"]
[SourceQuality "1"]

1. Nf3 Nf6 2. d4 e6 3. c4 b6 4. a3 Bb7 5. Nc3 d5 6. Bg5 Nbd7 7. e3 Be7 8. Rc1 0-0 9. cxd5 exd5 10. Bd3 Ne4 11. Bxe7 Qxe7 12. 0-0 c5 13. dxc5 bxc5 14. Qe2 Ndf6 15. Bxe4 dxe4 16. Nd2 Qe6 17. Nb5 Qb6 18. a4 Ba6 19. Qc4 Rab8 20. Qxc5 Bxb5 21. axb5 Qxb5 22. Qxa7 Rb7 23. Qd4 Qxb2 24. Rc4 Qxd4 25. Rxd4 Re8 26. Ra1 Rbe7 27. h3 g6 28. Raa4 Kg7 29. g4 h6 30. Kg2 Re6 31. Kg3 R8e7 32. Rab4 Kh7 33. h4 Kg7 34. Ra4 Re5 35. Nc4 Rb5 36. Nd6 Rb1 37. Nxe4 Rg1+ 38. Kh2 Rxg4 39. Nxf6 Rxd4 40. Nh5+ gxh5 41. Rxd4 Ra7 42. Rd5 Kg6 43. Rd6+ Kg7 44. e4 Ra4 45. f3 f5 46. e5 Rxh4+ 47. Kg3 Ra4 48. Rf6 h4+ 49. Kg2 Rf4 50. Ra6 h5 51. Rb6 Kf7 52. Rh6 Ke7 53. Kf2 h3 1/2-1/2

[Event "Qatar Masters op"]
[Site "Doha"]
[Date "2023.10.14"]
[Round "4"]
[White "Ravi, Teja Sanka"]
[Black "Avinash, Ramesh"]
[Result "1-0"]
[WhiteElo "2448"]
[BlackElo "2286"]
[PlyCount "117"]
[EventDate "2023.10.11"]
[EventType "swiss"]
[EventRounds "9"]
[EventCountry "QAT"]
[SourceTitle "Mega2024 Update 01"]
[Source "Chessbase"]
[SourceDate "2023.11.12"]
[SourceVersion "1"]
[SourceVersionDate "2023.11.12"]
[SourceQuality "1"]

1. d4 Nf6 2. Nf3 d5 3. Bf4 e6 4. e3 c5 5. c3 Nc6 6. Nbd2 cxd4 7. exd4 Nh5 8. Be3 Bd6 9. Ne5 g6 10. Nd3 0-0 11. g3 b6 12. Be2 Ng7 13. 0-0 Nf5 14. Bf4 f6 15. Nf3 Re8 16. Bxd6 Qxd6 17. Nf4 Bb7 18. Re1 Rad8 19. Bd3 Ng7 20. Bb5 a6 21. Bf1 e5 22. dxe5 fxe5 23. Qxd5+ Qxd5 24. Nxd5 Rxd5 25. Bc4 Na5 26. Bxd5+ Bxd5 27. Nxe5 Nc6 28. Nxc6 Bxc6 29. Rxe8+ Nxe8 30. Rd1 Kf7 31. c4 Ke7 32. f4 Nd6 33. b3 a5 34. Kf2 h5 35. Re1+ Kf6 36. Ke3 Kf5 37. Kd4 Ne4 38. Re2 h4 39. gxh4 Kxf4 40. a3 Kf5 41. b4 a4 42. Rg2 Kf6 43. h5 gxh5 44. Rg8 Nd6 45. Rb8 Nb7 46. Ra8 Nc5 47. Rc8 Ne6+ 48. Kc3 Bg2 49. Rb8 h4 50. Rxb6 Ke5 51. b5 h3 52. Kb4 Nd4 53. Rh6 Nf3 54. b6 Nxh2 55. Rxh3 Nf1 56. Rh7 Ne3 57. b7 Bxb7 58. Rxb7 Kd4 59. Rd7+ 1-0

[Event "Abu Dhabi op 29th"]
[Site "Abu Dhabi"]
[Date "2023.08.24"]
[Round "9"]
[White "Ajay Krishna, S."]
[Black "Ravi, Teja Sanka"]
[Result "0-1"]
[WhiteElo "2388"]
[BlackElo "2450"]
[PlyCount "140"]
[EventDate "2023.08.16"]
[EventType "swiss"]
[EventRounds "9"]
[EventCountry "UAE"]
[SourceTitle "EXT 2024"]
[Source "ChessBase"]
[SourceDate "2023.10.10"]
[SourceVersion "1"]
[SourceVersionDate "2023.10.10"]
[SourceQuality "1"]

1. Nf3 d5 2. d4 Nf6 3. c3 e6 4. Bf4 Bd6 5. e3 0-0 6. Nbd2 c5 7. Bd3 Qc7 8. Bxd6 Qxd6 9. Ne5 b6 10. f4 Ba6 11. Bc2 Nc6 12. g4 Rac8 13. g5 Nd7 14. Rg1 cxd4 15. exd4 Ndxe5 16. fxe5 Nxe5 17. dxe5 Qxe5+ 18. Kf2 d4 19. Ne4 d3 20. Bxd3 Qf4+ 21. Kg2 Rcd8 22. Qf1 Qe3 23. Bxa6 Qxe4+ 24. Qf3 Rd2+ 25. Kg3 Qg6 26. h4 Qc2 27. Rad1 Qxb2 28. Rxd2 Qxd2 29. a4 Qc2 30. Qc6 Qf5 31. Rf1 Qe5+ 32. Kg2 Rd8 33. Rf2 Rf8 34. Bd3 g6 35. Re2 Qf4 36. Qe4 Qc1 37. Rc2 Qd1 38. Be2 Qb1 39. h5 Rd8 40. h6 Rd5 41. Qf4 Kf8 42. Rd2 Qe1 43. Rc2 Qb1 44. Rd2 Qe1 45. Ra2 Qxc3 46. Bf3 Qe5 47. Qb4+ Rc5 48. Rc2 Qxg5+ 49. Kf1 Qf5 50. Rf2 Qh3+ 51. Kg1 Qxh6 52. Bg2 Qe3 53. Qh4 Rf5 54. Qb4+ Kg8 55. Qd2 Qxf2+ 56. Qxf2 Rxf2 57. Kxf2 f5 58. Ke3 e5 59. Kd3 Kf7 60. Kc4 e4 61. Kb5 h5 62. Ka6 h4 63. Kxa7 e3 64. Bf3 h3 65. Kxb6 h2 66. a5 e2 67. a6 e1Q 68. Bd5+ Kf6 69. a7 Qb4+ 70. Kc6 Qa5 0-1

[Event "Abu Dhabi op 29th"]
[Site "Abu Dhabi"]
[Date "2023.08.23"]
[Round "8"]
[White "Ravi, Teja Sanka"]
[Black "Talibov, Shiroghlan"]
[Result "1/2-1/2"]
[WhiteElo "2450"]
[BlackElo "2337"]
[PlyCount "85"]
[EventDate "2023.08.16"]
[EventType "swiss"]
[EventRounds "9"]
[EventCountry "UAE"]
[SourceTitle "EXT 2024"]
[Source "ChessBase"]
[SourceDate "2023.10.10"]
[SourceVersion "1"]
[SourceVersionDate "2023.10.10"]
[SourceQuality "1"]

1. d4 Nf6 2. Nf3 d5 3. c4 e6 4. Nc3 Bb4 5. Bg5 dxc4 6. Qa4+ Nc6 7. e3 Qd5 8. Bxf6 gxf6 9. Qc2 b6 10. e4 Qa5 11. Bxc4 Ba6 12. Bxa6 Qxa6 13. a3 Ne7 14. 0-0-0 Bxc3 15. Qxc3 0-0-0 16. Kb1 Qa4 17. Rc1 c6 18. Rc2 Kb7 19. Rhc1 Rd6 20. Qe3 Rhd8 21. Qh6 Ng6 22. Qxh7 R8d7 23. Qg8 Nf4 24. e5 Rd5 25. Rxc6 Qxc6 26. Rxc6 Kxc6 27. Qg4 Ng6 28. exf6 Rf5 29. Qe4+ Rdd5 30. h4 Rf4 31. Qc2+ Kb7 32. Ng5 Rxf6 33. Nxf7 Rxd4 34. h5 Nf4 35. Ne5 Rf5 36. Qc6+ Ka6 37. Nc4 Rc5 38. Qa4+ Ra5 39. Qc2 Rc5 40. Qa4+ Ra5 41. Qb3 Rxh5 42. g3 Nd3 43. Qd1 1/2-1/2

[Event "Singapore Lim Kok Ann op"]
[Site "Singapore"]
[Date "2023.06.05"]
[Round "1"]
[White "Lakshminarasimhan, Rahul"]
[Black "Ravi, Teja Sanka"]
[Result "0-1"]
[WhiteElo "1482"]
[BlackElo "2453"]
[PlyCount "58"]
[EventDate "2023.06.05"]
[EventType "swiss"]
[EventRounds "9"]
[EventCountry "SIN"]
[SourceTitle "EXT 2024"]
[Source "ChessBase"]
[SourceDate "2023.10.10"]
[SourceVersion "1"]
[SourceVersionDate "2023.10.10"]
[SourceQuality "1"]

1. d4 d5 2. Nf3 Nf6 3. Bf4 c5 4. e3 Nc6 5. Nbd2 Nh5 6. Be5 f6 7. Bg3 Nxg3 8. hxg3 Qb6 9. dxc5 Qxb2 10. Rb1 Qc3 11. Bd3 f5 12. Nh4 g6 13. Rb3 Qf6 14. Bb5 e6 15. c4 dxc4 16. Nxc4 Bxc5 17. 0-0 0-0 18. Nf3 Rd8 19. Qe2 Bd7 20. Rd1 a6 21. Bxc6 Bxc6 22. Rxd8+ Rxd8 23. Nfe5 Bd5 24. a4 Bd6 25. f4 Bxe5 26. fxe5 Qg5 27. Rb6 Bxc4 28. Qxc4 Qxe3+ 29. Kh2 Qxb6 0-1

[Event "Chiang Mai op 20th"]
[Site "Chiangmai"]
[Date "2022.10.26"]
[Round "5.5"]
[White "Cheng, Bobby Sky"]
[Black "Ravi, Teja Sanka"]
[Result "1-0"]
[WhiteElo "2576"]
[BlackElo "2462"]
[PlyCount "71"]
[EventDate "2022.10.22"]
[EventType "swiss"]
[EventRounds "9"]
[EventCountry "THA"]
[SourceTitle "EXT 2024"]
[Source "ChessBase"]
[SourceDate "2023.10.10"]
[SourceVersion "1"]
[SourceVersionDate "2023.10.10"]
[SourceQuality "1"]

1. d4 Nf6 2. c4 c5 3. d5 e6 4. Nc3 exd5 5. cxd5 d6 6. Nf3 g6 7. Bf4 a6 8. a4 Bg7 9. h3 0-0 10. e3 Nh5 11. Bh2 f5 12. Be2 f4 13. 0-0 fxe3 14. fxe3 Qe7 15. e4 Nd7 16. Qd2 b6 17. Rae1 Bb7 18. g4 Nhf6 19. Bc4 Kh8 20. e5 dxe5 21. d6 Qe8 22. Bxe5 Qc8 23. Bxf6 Nxf6 24. Ne5 b5 25. Be6 Qd8 26. g5 b4 27. gxf6 Bxf6 28. Nxg6+ Kg7 29. Nxf8 Bd4+ 30. Qxd4+ cxd4 31. Rf7+ Kh6 32. Rxh7+ Kg5 33. h4+ Kf4 34. Ng6+ Kg3 35. Ne2+ Kf3 36. Nxd4+ 1-0

[Event "Chiang Mai op 20th"]
[Site "Chiangmai"]
[Date "2022.10.25"]
[Round "4.11"]
[White "Ravi, Teja Sanka"]
[Black "Salvador, Louie"]
[Result "1-0"]
[WhiteElo "2462"]
[BlackElo "2180"]
[PlyCount "35"]
[EventDate "2022.10.22"]
[EventType "swiss"]
[EventRounds "9"]
[EventCountry "THA"]
[SourceTitle "EXT 2024"]
[Source "ChessBase"]
[SourceDate "2023.10.10"]
[SourceVersion "1"]
[SourceVersionDate "2023.10.10"]
[SourceQuality "1"]

1. d4 d5 2. c4 c6 3. Nf3 Nf6 4. e3 e6 5. Nbd2 Nbd7 6. Bd3 dxc4 7. Nxc4 c5 8. 0-0 b6 9. Nce5 Bb7 10. Ng5 Nxe5 11. dxe5 Ng8 12. Qh5 g6 13. Bb5+ Ke7 14. Qh4 f6 15. e4 Bg7 16. Bf4 h6 17. Nxe6 Kxe6 18. Rad1 1-0

[Event "Titled Tuesday intern op 27th Sep Early"]
[Site "Chess.com INT"]
[Date "2022.09.27"]
[Round "2"]
[White "Lewtak, Damian"]
[Black "Ravi, Teja Sanka"]
[Result "1-0"]
[WhiteElo "2386"]
[BlackElo "2462"]
[PlyCount "115"]
[EventDate "2022.09.27"]
[EventType "swiss (blitz)"]
[EventRounds "11"]
[EventCountry "USA"]
[SourceTitle "CBM 210 Extra"]
[Source "ChessBase"]
[SourceDate "2022.11.30"]
[SourceVersion "1"]
[SourceVersionDate "2022.11.30"]
[SourceQuality "1"]

1. e4 c6 2. d3 d5 3. Nd2 e5 4. Ngf3 Bd6 5. Be2 Nf6 6. 0-0 0-0 7. b3 Re8 8. Bb2 Bg4 9. h3 Bh5 10. Re1 Nbd7 11. Nh4 Bxe2 12. Qxe2 dxe4 13. Nxe4 Nxe4 14. Qxe4 Qg5 15. Nf5 Bf8 16. Re3 Nc5 17. Qf3 f6 18. Rae1 Red8 19. h4 Qg6 20. Qh3 Kh8 21. h5 Qf7 22. d4 exd4 23. Nxd4 Re8 24. h6 gxh6 25. Nf5 Rxe3 26. Qxe3 Nd7 27. Nxh6 Bxh6 28. Qxh6 Rg8 29. Qf4 Qg6 30. g3 h5 31. Re7 Rg7 32. Re6 Rf7 33. Qd6 Qxc2 34. Bxf6+ Nxf6 35. Rxf6 Qb1+ 36. Kh2 Rxf6 37. Qxf6+ Kg8 38. Qe6+ Kg7 39. Qd7+ Kg6 40. Qxb7 Qxa2 41. Qxc6+ Kg7 42. Qc7+ Kg6 43. Qd6+ Kg7 44. Qe5+ Kg6 45. Qe4+ Kh6 46. Qf4+ Kg6 47. b4 a6 48. Kh3 Qe6+ 49. Kg2 Qd5+ 50. Kh2 Qa2 51. Qe4+ Kg7 52. Kg2 Qb3 53. Qb7+ Kg8 54. Qxa6 Qxb4 55. Qg6+ Kf8 56. Qxh5 Kg7 57. Qg5+ Kh7 58. Qh4+ 1-0

[Event "IND-ch Blitz"]
[Site "Nashik"]
[Date "2022.04.30"]
[Round "7"]
[White "Nitin, Senthilvel"]
[Black "Ravi, Teja Sanka"]
[Result "0-1"]
[WhiteElo "2396"]
[BlackElo "2471"]
[PlyCount "72"]
[EventDate "2022.04.30"]
[EventType "swiss (blitz)"]
[EventRounds "11"]
[EventCountry "IND"]
[SourceTitle "CBM 208 Extra"]
[Source "ChessBase"]
[SourceDate "2022.07.31"]
[SourceVersion "1"]
[SourceVersionDate "2022.07.31"]
[SourceQuality "1"]

1. g3 d5 2. Bg2 c6 3. Nf3 Bg4 4. 0-0 Nd7 5. d3 e5 6. Qe1 Ngf6 7. e4 dxe4 8. dxe4 Bc5 9. Nbd2 0-0 10. h3 Bh5 11. a4 Qc7 12. Nc4 Rfe8 13. Nh4 Rad8 14. Bg5 Bg6 15. a5 Be7 16. b4 Nf8 17. Be3 Ra8 18. Nxg6 hxg6 19. f4 N6d7 20. f5 b5 21. axb6 axb6 22. Rxa8 Rxa8 23. Qf2 b5 24. fxg6 f6 25. Nd2 Nxg6 26. c3 c5 27. Qf5 Ngf8 28. Rb1 cxb4 29. cxb4 Qc3 30. Qf2 Ra2 31. Bf1 Bxb4 32. Bxb5 Rxd2 33. Bxd2 Qxd2 34. Bc4+ Kh8 35. Qf3 Qd4+ 36. Qf2 Qxc4 0-1

[Event "IND-ch Blitz"]
[Site "Nashik"]
[Date "2022.04.30"]
[Round "2"]
[White "Ravi, Teja Sanka"]
[Black "Yogesh, Swami"]
[Result "1-0"]
[WhiteElo "2471"]
[BlackElo "1755"]
[PlyCount "47"]
[EventDate "2022.04.30"]
[EventType "swiss (blitz)"]
[EventRounds "11"]
[EventCountry "IND"]
[SourceTitle "CBM 208 Extra"]
[Source "ChessBase"]
[SourceDate "2022.07.31"]
[SourceVersion "1"]
[SourceVersionDate "2022.07.31"]
[SourceQuality "1"]

1. d4 Nf6 2. Nf3 c5 3. e3 cxd4 4. exd4 g6 5. c3 Bg7 6. Bg5 d6 7. Nbd2 Nc6 8. Bc4 h6 9. Bh4 a6 10. 0-0 0-0 11. a4 b6 12. Re1 Bb7 13. Qe2 Rc8 14. Bxa6 Rc7 15. Bxb7 Rxb7 16. Ne4 Na5 17. Nxf6+ exf6 18. Nd2 Qd7 19. Nc4 Nb3 20. Ra3 d5 21. Rxb3 dxc4 22. Qxc4 f5 23. Re7 Re8 24. Qxf7+ 1-0

[Event "IND-ch Rapid"]
[Site "Nashik"]
[Date "2022.04.28"]
[Round "4"]
[White "Aravindh, Chithambaram VR"]
[Black "Ravi, Teja Sanka"]
[Result "1-0"]
[WhiteElo "2613"]
[BlackElo "2471"]
[PlyCount "103"]
[EventDate "2022.04.27"]
[EventType "swiss (rapid)"]
[EventRounds "9"]
[EventCountry "IND"]
[SourceTitle "CBM 208 Extra"]
[Source "ChessBase"]
[SourceDate "2022.07.31"]
[SourceVersion "1"]
[SourceVersionDate "2022.07.31"]
[SourceQuality "1"]

1. e4 c6 2. Nf3 d5 3. d3 Qc7 4. Qe2 dxe4 5. dxe4 e5 6. g3 Nf6 7. Bg2 Bc5 8. 0-0 0-0 9. Nbd2 Bg4 10. h3 Bh5 11. Nc4 Nbd7 12. a4 Rfe8 13. Bd2 Rad8 14. b4 Bf8 15. Bc3 b5 16. Ncd2 Nb6 17. a5 Na4 18. Rxa4 bxa4 19. Ra1 Qb8 20. Nc4 Bxf3 21. Qxf3 Bxb4 22. Rb1 c5 23. Ba1 Qc7 24. a6 Rb8 25. Bf1 a3 26. Rb3 h6 27. Qf5 a2 28. Qf3 Be1 29. Ra3 Rb1 30. Rxa2 Qc6 31. Na3 Rbb8 32. Bd3 Qa4 33. Qe2 Qa5 34. c3 Qd8 35. Bb5 Rxb5 36. Nxb5 Qd7 37. Nxa7 Qxh3 38. Qxe1 Ra8 39. Nb5 Ng4 40. f3 Rxa6 41. Rxa6 Qh2+ 42. Kf1 Qh1+ 43. Ke2 Qg2+ 44. Kd3 Qxf3+ 45. Kc4 Ne3+ 46. Kxc5 Qxe4 47. Qe2 Qd5+ 48. Kb4 Qe4+ 49. Kb3 Qd5+ 50. c4 Qe4 51. Nd6 Qb1+ 52. Bb2 1-0

[Event "Titled Tuesday intern op 29th Mar Early"]
[Site "Chess.com INT"]
[Date "2022.03.29"]
[Round "11"]
[White "Dushyant, Sharma"]
[Black "Ravi, Teja Sanka"]
[Result "1/2-1/2"]
[WhiteElo "2416"]
[BlackElo "2470"]
[PlyCount "71"]
[EventDate "2022.03.29"]
[EventType "swiss (blitz)"]
[EventRounds "11"]
[EventCountry "USA"]
[SourceTitle "CBM 207 Extra"]
[Source "ChessBase"]
[SourceDate "2022.05.31"]
[SourceVersion "1"]
[SourceVersionDate "2022.05.31"]
[SourceQuality "1"]

1. e4 c5 2. Nf3 g6 3. d4 cxd4 4. Nxd4 Nc6 5. f4 Bg7 6. Nf3 d6 7. Nc3 Nf6 8. Bd3 0-0 9. 0-0 Bg4 10. Qe1 e5 11. Kh1 exf4 12. Bxf4 Nh5 13. Bg5 Qd7 14. Qh4 Bxf3 15. Rxf3 Ne5 16. Rh3 Qg4 17. Qxg4 Nxg4 18. Rf3 Bxc3 19. bxc3 f6 20. Bd2 Ne5 21. Rf2 Rac8 22. Rb1 Rc7 23. h3 Ng7 24. Rbf1 f5 25. exf5 Nxd3 26. cxd3 Rxf5 27. g4 Rxf2 28. Rxf2 Rf7 29. Re2 Rf3 30. d4 Rxh3+ 31. Kg2 Rd3 32. Bh6 Kf7 33. Rf2+ Kg8 34. Re2 Kf7 35. Rf2+ Kg8 36. Re2 1/2-1/2

[Event "Titled Tuesday intern op 29th Mar Early"]
[Site "Chess.com INT"]
[Date "2022.03.29"]
[Round "5"]
[White "Pourkashiyan, Atousa"]
[Black "Ravi, Teja Sanka"]
[Result "1/2-1/2"]
[WhiteElo "2322"]
[BlackElo "2470"]
[PlyCount "122"]
[EventDate "2022.03.29"]
[EventType "swiss (blitz)"]
[EventRounds "11"]
[EventCountry "USA"]
[SourceTitle "CBM 207 Extra"]
[Source "ChessBase"]
[SourceDate "2022.05.31"]
[SourceVersion "1"]
[SourceVersionDate "2022.05.31"]
[SourceQuality "1"]

1. e4 c5 2. Nf3 d6 3. d4 cxd4 4. Nxd4 Nf6 5. Nc3 a6 6. Be2 g6 7. Be3 Bg7 8. 0-0 0-0 9. Qd2 Nc6 10. Rad1 Ng4 11. Bxg4 Bxg4 12. f3 Bd7 13. Nd5 Rc8 14. c4 Nxd4 15. Bxd4 Rxc4 16. Bb6 Qe8 17. Qg5 f6 18. Qd2 Be6 19. b3 Rc6 20. Bd4 Qd7 21. Rc1 Bxd5 22. exd5 Rxc1 23. Rxc1 Rc8 24. Re1 b5 25. Qe2 Kf7 26. h4 h5 27. Kh2 Rc7 28. Bb6 Rb7 29. Bd4 Qf5 30. Qe6+ Qxe6 31. Rxe6 Rc7 32. Bb6 Rc2 33. a4 Rc3 34. axb5 axb5 35. Re3 Rxe3 36. Bxe3 f5 37. Kg1 e6 38. dxe6+ Kxe6 39. Kf2 Kd5 40. Ke2 Bd4 41. Bg5 Ke6 42. Kd3 Bf6 43. Bxf6 Kxf6 44. Kd4 Ke6 45. f4 Kd7 46. Kd5 Kc7 47. b4 Kd7 48. Kd4 Kc6 49. Ke3 Kd5 50. Kd3 Ke6 51. Kd4 Kf6 52. Ke3 Ke6 53. Kd4 d5 54. Ke3 Kd6 55. Kd4 Ke6 56. Ke3 Kd7 57. Kd4 Kd6 58. Ke3 Kc6 59. Kd4 Kd6 60. Ke3 Ke7 61. Kd4 Ke6 1/2-1/2

[Event "Novi Sad TS Mix 233rd"]
[Site "Novi Sad"]
[Date "2022.02.01"]
[Round "2"]
[White "Ravi, Teja Sanka"]
[Black "Sturt, Raven M"]
[Result "1-0"]
[WhiteElo "2469"]
[BlackElo "2434"]
[PlyCount "109"]
[EventDate "2022.01.31"]
[EventType "swiss"]
[EventRounds "10"]
[EventCountry "SRB"]
[SourceTitle "CBM 206 Extra"]
[Source "ChessBase"]
[SourceDate "2022.03.31"]
[SourceVersion "1"]
[SourceVersionDate "2022.03.31"]
[SourceQuality "1"]

1. d4 d5 2. Nf3 Nf6 3. c4 c6 4. e3 e6 5. Nc3 Nbd7 6. Nd2 Be7 7. g3 e5 8. cxd5 exd4 9. exd4 Nxd5 10. Nxd5 cxd5 11. Bg2 0-0 12. 0-0 Nb8 13. Nb3 Nc6 14. Be3 Bf5 15. Rc1 Rc8 16. Nc5 b6 17. Qf3 Nxd4 18. Bxd4 Bxc5 19. Bxc5 Be4 20. Bxf8 Rxc1 21. Rxc1 Bxf3 22. Be7 Qd7 23. Bxf3 h5 24. Re1 d4 25. h4 Qb5 26. Bg5 f6 27. Bc1 Qa5 28. Rd1 Qxa2 29. Rxd4 Qb1 30. Rc4 Qf5 31. Kg2 g5 32. hxg5 fxg5 33. g4 hxg4 34. Rxg4 Kf7 35. Bxg5 Qc2 36. Rf4+ Ke6 37. Bf6 a5 38. Bc3 b5 39. Bxa5 Qxb2 40. Bb4 Kd7 41. Re4 Kc7 42. Re7+ Kd8 43. Re4 Kc7 44. Be1 Kb6 45. Re6+ Ka7 46. Re4 Kb6 47. Rb4 Qg7+ 48. Kf1 Qh7 49. Be4 Qd7 50. Bc2 Kc5 51. Rh4 Qg7 52. Bd3 Qf7 53. Bb4+ Kc6 54. Be4+ Kb6 55. Rh6+ 1-0